000 00838nam a2200181Ia 4500
008 151202s9999||||xx |||||||||||||| ||und||
082 _bPNVM-76524
100 _aझा पियुष/अनु -संभू-शेटे मीना
245 _aकंपास बॉक्स किलर
260 _b"विश्वकर्मा प्रकाशन,२८३ बुधवार पेठ सिटी पोस्टाजवळ,पुणे -४११००२"
260 _c2015
300 _a240
600 _aझा पियुष/अनु -संभू-शेटे मीना
630 _aकंपास बॉक्स किलर
700 _aझा पियुष/अनु -संभू-शेटे मीना
730 _aकंपास बॉक्स किलर
942 _cBOOK
999 _c1343183
_d1343180